00474nam a2200169Ia 4500008004100000040001800041041000800059100002100067245005800088250001100146260003500157300001700192500002200209650002600231650002300257650002400280130821s1919 sp gr spa  aCo-BoUCMbspa00aspa1 aMachado, Antonio10aSoledades, galerías y otros poemascAntonio Machado a2a ed. aMadrid (España)bCalpec1919 a93 páginas aIncluye índice. aLiteratura española aLiteratura europea aPoesía española